Language Quiz

Random Language or Letter Quiz

3-Letter Words Ending in 'P' Quiz Stats

 Plays Quiz Updated Aug 22, 2017

Support Sporcle.
Go Orange.
Score 0/60 Timer 04:00
3 Plays Today
_ _ p word % Correct
cap
93.9%
tap
90.5%
dip
90.2%
lap
90.2%
cop
90.1%
lip
89.7%
tip
89.6%
hip
89.3%
sap
89%
map
88.9%
top
88.8%
bop
88.6%
sip
88%
rap
87.9%
nap
87.9%
hop
87.3%
cup
86.3%
mop
86.2%
dap
85.3%
gap
85.3%
lop
84.6%
rip
84.4%
nip
83.7%
bap
83%
pop
82.8%
hap
82.6%
sop
82.5%
pip
80%
sup
77.3%
zap
76.8%
_ _ p word % Correct
pap
76.6%
zip
76.1%
dep
74.8%
hep
74.3%
rep
73.9%
pup
73.9%
fop
72.8%
kip
71.4%
wap
71%
pep
70.9%
cep
70.3%
tup
68.8%
yap
68.1%
dup
67.3%
hup
64.7%
yip
64.6%
alp
64.3%
amp
64.2%
app
61.3%
asp
59.7%
zep
58.2%
yep
57.7%
yup
56.4%
kop
55.3%
kep
46.5%
imp
42.7%
gyp
29.1%
ump
28.6%
hyp
21.2%
urp
21.1%

From the Vault

Code Cracker! X

by hockeystix3

More codes to decipher!
Remove Ads.
Support Sporcle.
Get the best of Sporcle when you Go Orange. This ad-free experience offers more features, more stats, and more fun while also helping to support Sporcle. Thank you for becoming a member.

Show Comments

Extras

Top Quizzes Today


Score Distribution

Your Account Isn't Verified!

In order to create a playlist on Sporcle, you need to verify the email address you used during registration. Go to your Sporcle Settings to finish the process.

Report this User

Report this user for behavior that violates our Community Guidelines.

Details: